| 000 | 00893nam a2200301 a 4500 | ||
|---|---|---|---|
| 001 | 000107822 | ||
| 003 | CHAP | ||
| 005 | 20220329143945.0 | ||
| 008 | 131107s2011 mx a |r| ||1|||spa|d | ||
| 010 | _a104284 | ||
| 011 | _a105256 | ||
| 020 | _a9786077908340 | ||
| 040 | _cCHAP | ||
| 082 | 0 | 4 |
_a333.72 _bB61 |
| 245 | 0 | 0 |
_aBiodiversidad : _bconocer para conservar / _cpor SEMARNAT. |
| 260 | 3 |
_aMéxico, D.F. : _bSEMARTNAT, _c2011. |
|
| 300 | _axii, 210 p. | ||
| 490 | 0 | _a¿Y el medio ambiente? | |
| 590 |
_aE11695DGD _b10 _c20131108 _lUCH01 _h0846 |
||
| 590 |
_aE11695DGD _b10 _c20131108 _lUCH01 _h0847 |
||
| 590 |
_aE792CSJ _b05 _c20131107 _lUCH01 _h1150 |
||
| 650 | 1 | 4 |
_aBiodiversidad _xConservación. _912726 |
| 710 | 0 |
_aMéxico. Secretaría de Medio Ambiente y Recursos Naturales _977199 |
|
| 830 |
_a¿Y el medio ambiente? _9124337 |
||
| 901 | _aBK | ||
| 942 | _cLIBRO | ||
| 942 | _n0 | ||
| 999 |
_c104284 _d104284 |
||